书目信息 |
| 题名: |
五四散文选讲
|
|
| 作者: | ;北京大学 编 | |
| 分册: | ||
| 出版信息: | 北京 中国青年出版社 1959 |
|
| 页数: | 330页 | |
| 开本: | 19cm | |
| 丛书名: | ||
| 单 册: | ||
| 中图分类: | I207.65 | |
| 科图分类: | ||
| 主题词: | 散文--中国--现代--文学研究 | |
| 电子资源: | ||
| ISBN: | 10009.408 | |
| 000 | 00695nam0 2200229 450 | |
| 001 | 000532644 | |
| 005 | 20120719235251.0 | |
| 010 | @a10009.408@dCNY0.72 | |
| 091 | @a10009.408@dCNY0.72 | |
| 100 | @a20120720d1959 emky0chiy0120 ea | |
| 101 | 0 | @achi |
| 102 | @aCN@b110000 | |
| 105 | @ay z 000cy | |
| 106 | @ar | |
| 200 | 1 | @a五四散文选讲@9Wu Si San Wen Xuan Jiang @f北京大学中文系56级四班编 |
| 210 | @a北京@c中国青年出版社@d1959 | |
| 215 | @a330页@d19cm | |
| 606 | 0 | @a散文@y中国@z现代@x文学研究 |
| 690 | @aI207.65@v3 | |
| 711 | 02 | @a北京大学@9bei jing da xue zhong wen xi 56 ji si ban@b中文系@b1956级@b四班@4编 |
| 801 | 0 | @aCN@b91MARC@c20130904 |
| 905 | @aBZT@dI207.65@e1@f1@sI207.65/1 | |
| 五四散文选讲/北京大学中文系56级四班编.-北京:中国青年出版社,1959 |
| 330页;19cm |
| ISBN 10009.408:CNY0.72 |
| ● |
| 相关链接 |
|
|
|
正题名:五四散文选讲
索取号:I207.65/1
 
预约/预借
| 序号 | 登录号 | 条形码 | 馆藏地/架位号 | 状态 | 备注 |